Về danh nhân văn hoá Hồ Chí Minh /
Sparad:
| Huvudupphovsman: | |
|---|---|
| Övriga upphovsmän: | |
| Materialtyp: | Sách giấy |
| Språk: | Vietnamese |
| Publicerad: |
H. :
Lao Động,
2001
|
| Taggar: |
Lägg till en tagg
Inga taggar, Lägg till första taggen!
|
| Thư viện lưu trữ: | Thư viện Trường Đại học Đà Lạt |
|---|
| LEADER | 00727nam a2200301 4500 | ||
|---|---|---|---|
| 001 | DLU030020879 | ||
| 003 | ##DLU | ||
| 005 | ##20021230 | ||
| 008 | ##021230t vn z000 vie d | ||
| 040 | # | # | |a DLU |b vie |
| 041 | # | # | |a vie |
| 044 | # | # | |a vn |
| 082 | # | # | |a 923.1 |b DI-L |
| 100 | # | # | |a Đinh Xuân Lâm |
| 245 | # | # | |a Về danh nhân văn hoá Hồ Chí Minh / |c Đinh Xuân Lâm, Bùi Đình Phong |
| 260 | # | # | |a H. : |b Lao Động, |c 2001 |
| 300 | # | # | |a 187 tr. ; |c 19 cm |
| 700 | # | # | |a Bùi Đình Phong |
| 992 | # | # | |a 18000 |
| 994 | # | # | |a DLU |
| 900 | # | # | |a True |
| 911 | # | # | |a Thái Thị Thanh Thủy |
| 925 | # | # | |a G |
| 926 | # | # | |a A |
| 927 | # | # | |a SH |
| 980 | # | # | |a Thư viện Trường Đại học Đà Lạt |